000
00320nam a22001337a 4500
003
SGT
020
_a
9786206181026
082
_a
617.645
_b
R23S
100
_a
Sharma, Sugandha
245
_a
Role of Panoramic radiograph in Pediatric Dentistry
260
_b
Lambert Academic Pub.
_c
2023
300
_a
51
942
_2
ddc
_c
BK
999
_c
27063
_d
27063